000 00581nam a2200229Ia 4500
003 OSt
005 20220928130608.0
006 a|||||r|||| 00| 0
007 ta
008 220927b |||||||| |||| 00| 0 eng d
024 _a41648
037 _cReference Collections
040 _aSDCL
_cSDCL
_beng
041 _2eng
_aeng
082 _asn1,N73, L7 RR
245 0 _aSTATISTICS SOURCES.
250 _a5
260 _aDetroit
_bGALE
_c1977
300 _axxi,975p
_ccm.
942 _hsn1,N73, L7 RR
_cREF
_2CC
999 _c787494
_d787494